000 00631nam a2200157 i 4500
001 165951
003 ES-MaACL
005 20230906213232.0
008 171226s1921 sp | |||||||| ||cat d
100 1 _aRius Vidal, A. de.
_9163966
245 1 0 _aNovíssim diccionari català-castellà
_b: el primer que s'ha adaptat a les normes ortogràfiques de l'Institut d'Estudis Catalans, i escrit davant dels més perfets diccionaris /
_cpor A. de Rius Vidal.
260 _aBarcelona :
_bSalvador Bonavia,
_c1921.
300 _a252 p. ;
_c12 cm.
650 4 _aLengua catalana-
_vDiccionarios-
_xEspañol.
_914103
852 _aES-MaACL
_jD-2320
999 _c165951
_d165951